[Event "ROM-ch U12"]
[Site "Calimanesti"]
[Date "2014.04.10"]
[Round "6"]
[White "Ghinea, Dragos Dumitru"]
[Black "Stamatie, Mihai Robert"]
[Result "1/2-1/2"]
[WhiteElo "1001"]
[BlackElo "1001"]
[PlyCount "38"]
[EventDate "2014.04.06"]
[EventType "swiss"]
[EventRounds "9"]
[EventCountry "ROU"]
[SourceTitle "CBM 160 Extra"]
[Source "ChessBase"]
[SourceDate "2014.07.01"]
[SourceVersion "1"]
[SourceVersionDate "2014.07.01"]
[SourceQuality "1"]

1. e4 c5 2. d4 cxd4 3. c3 dxc3 4. Nxc3 e5 5. Nf3 Nf6 6. Nxe5 Bb4 7. Bd2 d6 8. Bb5+ Nbd7 9. Nxd7 Bxd7 10. 0-0 Bxb5 11. Nxb5 Bxd2 12. Qxd2 Nxe4 13. Rae1 d5 14. Nd6+ Kf8 15. Nxe4 dxe4 16. Qb4+ Kg8 17. Qxe4 g6 18. Qe5 h6 19. Rd1 Qe8 1/2-1/2